000 00730nam a22002057a 4500
999 _c153121
_d153121
005 20181127160438.0
010 _aB-129531
020 _a8171102349
_c100.00
035 _aB-129531,B-129515 B-129535 B129537
037 _bParimal Publications
082 _aS
100 _aSharma, Suraj Narain
245 _aStories from Ramayana
_cSuraj Narain Sharma
260 _aDelhi
_bParimal Publications
_c2006
270 _a46, Sanskrit Nagar, Plot-3, Sector-14, Rohini, Delhi-110085
_bDelhi
_e110085
300 _a156p.
_c22cm(hb)
500 _aGlossary of Sanskrit Words
942 _2ddc
_cEN
_hS
_mSHA